<?xml version="1.0" encoding="UTF-8"?>
<record
    xmlns:xsi="http://www.w3.org/2001/XMLSchema-instance"
    xsi:schemaLocation="http://www.loc.gov/MARC21/slim http://www.loc.gov/standards/marcxml/schema/MARC21slim.xsd"
    xmlns="http://www.loc.gov/MARC21/slim">

  <leader>00356nam a22001457a 4500</leader>
  <datafield tag="020" ind1=" " ind2=" ">
    <subfield code="a">97898382350378</subfield>
  </datafield>
  <datafield tag="041" ind1=" " ind2=" ">
    <subfield code="a">Urdu</subfield>
  </datafield>
  <datafield tag="082" ind1=" " ind2=" ">
    <subfield code="a">891.43</subfield>
    <subfield code="b">ASK</subfield>
  </datafield>
  <datafield tag="100" ind1=" " ind2=" ">
    <subfield code="a">Dr. Askari Safdar</subfield>
  </datafield>
  <datafield tag="245" ind1=" " ind2=" ">
    <subfield code="a">Mirza Ghalib - Ek Jaeza (Tahqeeqi Mazameen)</subfield>
  </datafield>
  <datafield tag="260" ind1=" " ind2=" ">
    <subfield code="a">Hyderabad</subfield>
    <subfield code="b">Nisaab Publishers</subfield>
    <subfield code="c">2021</subfield>
  </datafield>
  <datafield tag="300" ind1=" " ind2=" ">
    <subfield code="a">192</subfield>
  </datafield>
  <datafield tag="650" ind1=" " ind2=" ">
    <subfield code="a">Urdu Poetry (Ghalib)</subfield>
  </datafield>
  <datafield tag="942" ind1=" " ind2=" ">
    <subfield code="c">BK</subfield>
  </datafield>
  <datafield tag="952" ind1=" " ind2=" ">
    <subfield code="0">0</subfield>
    <subfield code="1">0</subfield>
    <subfield code="4">0</subfield>
    <subfield code="7">0</subfield>
    <subfield code="a">HMI</subfield>
    <subfield code="b">HMI</subfield>
    <subfield code="c">GEN</subfield>
    <subfield code="d">2022-03-23</subfield>
    <subfield code="e">Safdar</subfield>
    <subfield code="g">300.00</subfield>
    <subfield code="l">0</subfield>
    <subfield code="o">891.43 ASK</subfield>
    <subfield code="p">11-4580</subfield>
    <subfield code="r">2022-03-23</subfield>
    <subfield code="w">2022-03-23</subfield>
    <subfield code="y">BK</subfield>
  </datafield>
  <datafield tag="999" ind1=" " ind2=" ">
    <subfield code="c">23206</subfield>
    <subfield code="d">23206</subfield>
  </datafield>
</record>
